| 000 | 00655nam a2200193 a 4500 | ||
|---|---|---|---|
| 001 | 000024655 | ||
| 005 | 20240409073640.0 | ||
| 008 | 100322s1946 cu r 000 0 spa d | ||
| 040 |
_aDO-SdBNP _bspa _cBNPHU |
||
| 082 |
_a972.93053 _bL345y, 1946 |
||
| 100 | 1 |
_aLandestoy, Carmita _938784 |
|
| 245 | 1 | 0 |
_aYo también acuso / _cCarmita Landestoy. |
| 250 | _a2a ed. | ||
| 260 |
_aLa Habana : _bEditorial Lex, _c1946. |
||
| 300 |
_a174 p. ; _c25 cm. |
||
| 650 | 4 |
_aPersecuciones políticas _xRepública dominicana _944738 |
|
| 651 | 4 |
_aRepública Dominicana _xPolítica Y Gobierno _yERA DE TRUJILLO, 1930-1961 _91374 |
|
| 910 | _aValidado. Control de calidad. MFF | ||
| 999 |
_c24148 _d24148 |
||